Geboren in Braunschweig - Statistiken

Allgemein
  • Dieses Quiz wurde 133 mal gespielt
    74 seit der letzten Aktualisierung
  • Das Durchschnittsergebnis liegt bei 4 aus 12
Antwortstatistiken
Hinweis Antwort % Korrekt
Basketballspieler der für die Sacramento Kings und die deutsche Nationalmannschaft spielt (früher u.a. Atlanta Hawks und Los Angeles Lakers) 1993 Dennis Schröder
84%
mit seinen Let's Play Videos wurde er zu einem der erfolgreichsten YouTuber Deutschlands 1977 Gronkh
57%
bedeutender Mathematiker, wird auch "Fürst der Mathematik" genannt 1777 Carl Friedrich Gauß
47%
Lehrer und Entwickler des ersten deutschen Regelwerks für Fußball 1846 Konrad Koch
44%
stellvertrender FDP-Vorsitzender und Vizepräsident des Bundestags 1952 Wolfgang Kubicki
35%
Sänger, "So oder so" "Alles ist jetzt" 1980 Axel Bosse
32%
Designerin und Tochter eines bekannten Designers 1968 Jette Joop
28%
Vorstandsvorsitzender von Volkswagen 1968 Oliver Blume
18%
Schriftstellerin, "Der letzte Sommer" "Der Fall Deruga" 1864 Ricarda Huch
9%
langjähriger Ministerpräsident der DDR 1894 Otto Grotewohl
6%
Rekordtorschütze der deutschen Handballnationalmannschaft 1969 Christian Schwarzer
3%
Regisseurin, "Systemsprenger" "The Unforgivable" 1983 Nora Fingscheidt
3%
Keine übereinstimmenden Quizze gefunden
Verteilung der Resultate
Anzahl Personen mit jedem Resultat
Perzentil nach korrekt beantworteten Fragen
Ihre Resultats-Entwicklung
Sie haben dieses Quiz seit der letzten Aktualisierung nicht gespielt